[Event "EU-ch Seniors 50 Blitz"]
[Site "Porto"]
[Date "2014.03.21"]
[Round "7"]
[White "Glek, Igor Vladimirovich"]
[Black "Gurieli, Nino"]
[Result "1-0"]
[WhiteElo "2547"]
[BlackElo "2273"]
[PlyCount "59"]
[EventDate "2014.03.21"]
[EventType "swiss (blitz)"]
[EventRounds "9"]
[EventCountry "POR"]
[SourceTitle "EXT 2015"]
[Source "ChessBase"]
[SourceDate "2014.11.20"]
[SourceVersion "1"]
[SourceVersionDate "2014.11.20"]
[SourceQuality "1"]

1. e4 d6 2. d4 Nf6 3. Nc3 g6 4. f4 Bg7 5. Nf3 0-0 6. Bd3 Na6 7. e5 dxe5 8. dxe5 Nd5 9. Nxd5 Qxd5 10. Qe2 Nb4 11. Be4 Qa5 12. c3 Nc6 13. 0-0 Bf5 14. Bxf5 gxf5 15. Be3 e6 16. Rfd1 Rfd8 17. Qc4 a6 18. a4 Ne7 19. Rxd8+ Rxd8 20. Bc5 b5 21. Qf1 bxa4 22. Bxe7 Rb8 23. Bb4 Qb6+ 24. Kh1 a5 25. Ba3 Bf8 26. Qe1 Bxa3 27. bxa3 Qb2 28. h3 Rb3 29. Rd1 Kf8 30. Rd8+ 1-0

[Event "EU-ch Seniors 50 Blitz"]
[Site "Porto"]
[Date "2014.03.21"]
[Round "3"]
[White "Gurieli, Nino"]
[Black "Chireykina, Natalia"]
[Result "1-0"]
[WhiteElo "2273"]
[BlackElo "1891"]
[PlyCount "75"]
[EventDate "2014.03.21"]
[EventType "swiss (blitz)"]
[EventRounds "9"]
[EventCountry "POR"]
[SourceTitle "EXT 2015"]
[Source "ChessBase"]
[SourceDate "2014.11.20"]
[SourceVersion "1"]
[SourceVersionDate "2014.11.20"]
[SourceQuality "1"]

1. e4 c5 2. Nf3 Nc6 3. c3 g6 4. d4 Bg7 5. d5 Ne5 6. Nxe5 Bxe5 7. Be2 Qc7 8. Be3 d6 9. Nd2 f5 10. exf5 Bxf5 11. 0-0 0-0-0 12. Nc4 Bg7 13. Bg4 Qd7 14. Bxf5 Qxf5 15. Qa4 Kb8 16. b4 Qxd5 17. bxc5 Qc6 18. Qxc6 bxc6 19. Rab1+ Kc7 20. cxd6+ exd6 21. Bxa7 Bxc3 22. Bb6+ Kd7 23. Bxd8 Kxd8 24. Nxd6 Ne7 25. Nf7+ Kd7 26. Nxh8 Bxh8 27. Rfd1+ Kc7 28. a4 Bc3 29. g3 Nd5 30. Kg2 Ba5 31. Rxd5 cxd5 32. Rb5 Bb6 33. Rxd5 Kb7 34. Rb5 Kc6 35. Rxb6+ Kxb6 36. f4 Ka5 37. g4 Kxa4 38. f5 1-0

[Event "EU-ch Seniors 50 Blitz"]
[Site "Porto"]
[Date "2014.03.21"]
[Round "6"]
[White "Gurieli, Nino"]
[Black "Ferreira, Paulo1111"]
[Result "1-0"]
[WhiteElo "2273"]
[BlackElo "2073"]
[PlyCount "141"]
[EventDate "2014.03.21"]
[EventType "swiss (blitz)"]
[EventRounds "9"]
[EventCountry "POR"]
[SourceTitle "EXT 2015"]
[Source "ChessBase"]
[SourceDate "2014.11.20"]
[SourceVersion "1"]
[SourceVersionDate "2014.11.20"]
[SourceQuality "1"]

1. e4 c5 2. Nf3 d6 3. c3 Nf6 4. e5 dxe5 5. Nxe5 e6 6. Bb5+ Nbd7 7. 0-0 Bd6 8. d4 cxd4 9. Qxd4 Qc7 10. Bf4 Bxe5 11. Bxe5 Qb6 12. Bxf6 gxf6 13. Qxf6 Rg8 14. Na3 Qxb5 15. Nxb5 Nxf6 16. Nc7+ Ke7 17. Nxa8 Bd7 18. Nc7 Rc8 19. Nxe6 Bxe6 20. f3 Nd5 21. Kf2 Nf4 22. Rfd1 Bc4 23. b3 Ba6 24. c4 b5 25. Rd4 Ne6 26. Rh4 bxc4 27. bxc4 Bxc4 28. Rc1 Rb8 29. Rhxc4 Rb2+ 30. R1c2 Rb7 31. f4 Kf6 32. g4 h5 33. h3 hxg4 34. hxg4 Rb1 35. Rc6 Kg7 36. R6c4 Rh1 37. f5 Ng5 38. Kg3 Re1 39. Rc7 Ne4+ 40. Kf4 Nf6 41. g5 Nd5+ 42. Kg4 Ne3+ 43. Kf3 Nxc2 44. Rxc2 Re5 45. Kf4 Ra5 46. Rh2 Ra4+ 47. Kf3 Ra5 48. Kg4 Ra4+ 49. Kh5 Kf8 50. Re2 Rf4 51. f6 Rf1 52. Kg4 Rg1+ 53. Kf5 Rf1+ 54. Ke5 Rg1 55. Kf4 Rf1+ 56. Ke4 Rg1 57. Rc2 Kg8 58. Rc5 Rf1 59. Ra5 Re1+ 60. Kd5 Rd1+ 61. Kc6 Rc1+ 62. Kb7 Rd1 63. Kxa7 Rd7+ 64. Kb6 Kh7 65. Re5 Kg6 66. a4 Rd2 67. a5 Rb2+ 68. Rb5 Re2 69. a6 Re8 70. a7 Kh5 71. Kb7 1-0

[Event "EU-ch Seniors 50 (Women)"]
[Site "Porto"]
[Date "2014.03.17"]
[Round "9"]
[White "Gurieli, Nino"]
[Black "Chireykina, Natalia"]
[Result "1-0"]
[WhiteElo "2329"]
[BlackElo "1891"]
[PlyCount "187"]
[EventDate "2014.03.09"]
[EventType "tourn"]
[EventRounds "9"]
[EventCountry "POR"]
[SourceTitle "CBM 159 Extra"]
[Source "ChessBase"]
[SourceDate "2014.04.24"]
[SourceVersion "1"]
[SourceVersionDate "2014.04.24"]
[SourceQuality "1"]

1. e4 c5 2. b3 d6 3. Bb2 Nf6 4. Nc3 e6 5. Nf3 Nc6 6. d4 cxd4 7. Nxd4 Be7 8. Be2 a6 9. 0-0 0-0 10. Kh1 Qc7 11. f4 Nxd4 12. Qxd4 Rd8 13. f5 Qc5 14. Qxc5 dxc5 15. a4 exf5 16. exf5 Bd7 17. Bf3 Bxf5 18. Bxb7 Rab8 19. Rxf5 Rxb7 20. Rf4 Rd2 21. Rc1 Rbd7 22. Kg1 h6 23. h3 Nh5 24. Rf3 Nf6 25. Nb1 Re2 26. Kf1 Re4 27. Na3 Rd2 28. Nc4 Rde2 29. Rf2 Rxf2+ 30. Kxf2 Nd5 31. Rd1 Nb4 32. c3 Nc6 33. Rd5 Rf4+ 34. Ke2 Re4+ 35. Kf3 Re1 36. Ba3 Rf1+ 37. Ke2 Rg1 38. Kf2 Rb1 39. Nd2 Rd1 40. Ke2 Rg1 41. Bxc5 Rxg2+ 42. Bf2 Rh2 43. Nf3 Rxh3 44. b4 g5 45. b5 axb5 46. axb5 Nb8 47. Ba7 g4 48. Ng1 Rxc3 49. Bxb8 Rc5 50. Re5 Rxe5+ 51. Bxe5 Bc5 52. Kf1 f5 53. Ne2 Kf7 54. Nf4 Ke7 55. Bg7 Kd7 56. Bxh6 Kc7 57. Nd5+ Kd6 58. Nc3 Bd4 59. Bf8+ Kc7 60. Nd5+ Kd7 61. Kg2 Ke6 62. Nf4+ Kd7 63. Ne2 Be5 64. Bc5 f4 65. Nd4 f3+ 66. Kf2 Bf6 67. Nf5 Be5 68. Ne3 g3+ 69. Kxf3 Bb8 70. Nf5 Ke6 71. Nxg3 Kd5 72. Ne4 Kc4 73. b6 Kb5 74. Ke3 Kc6 75. Kd4 Bh2 76. Kc4 Be5 77. Nd2 Bc7 78. bxc7 Kxc7 79. Kd5 Kd7 80. Nc4 Ke8 81. Ke6 Kd8 82. Bb6+ Ke8 83. Nd6+ Kf8 84. Bd4 Kg8 85. Kf6 Kh7 86. Nf7 Kg8 87. Bc5 Kh7 88. Be7 Kg8 89. Ng5 Kh8 90. Kg6 Kg8 91. Ne4 Kh8 92. Bf8 Kg8 93. Bh6 Kh8 94. Bg7+ 1-0

[Event "EU-ch Seniors 50 (Women)"]
[Site "Porto"]
[Date "2014.03.12"]
[Round "4"]
[White "Gurieli, Nino"]
[Black "Bogumil, Tatiana"]
[Result "0-1"]
[WhiteElo "2329"]
[BlackElo "2118"]
[PlyCount "149"]
[EventDate "2014.03.09"]
[EventType "tourn"]
[EventRounds "9"]
[EventCountry "POR"]
[SourceTitle "CBM 159 Extra"]
[Source "ChessBase"]
[SourceDate "2014.04.24"]
[SourceVersion "1"]
[SourceVersionDate "2014.04.24"]
[SourceQuality "1"]

1. e4 e6 2. Nf3 d5 3. Nc3 d4 4. Ne2 c5 5. c3 dxc3 6. bxc3 Nc6 7. Ng3 Qa5 8. Be2 Nf6 9. 0-0 h5 10. h4 Bd6 11. Ng5 Bxg3 12. fxg3 c4 13. a4 Ne5 14. Ba3 Bd7 15. Kh1 Bc6 16. Bd6 Rd8 17. Bxe5 Qxe5 18. Rf4 Nxe4 19. Nxe4 Bxe4 20. Bxc4 Bc6 21. d4 Qe3 22. Qe1 Qxe1+ 23. Rxe1 0-0 24. Re5 Bxa4 25. Rxh5 Bd1 26. Rg5 Rc8 27. Ba2 Rxc3 28. d5 exd5 29. Bxd5 Rc7 30. h5 Kh7 31. Be4+ Kh6 32. Rd5 Bc2 33. Bf3 Re8 34. g4 f6 35. Kh2 b6 36. Kh3 a5 37. g5+ fxg5 38. Rg4 a4 39. Rdxg5 Re6 40. Rd5 Rc5 41. Rxc5 bxc5 42. Rc4 Bb3 43. Rxc5 a3 44. Ra5 a2 45. g4 Re1 46. g5+ Kh7 47. Ra8 a1Q 48. Be4+ g6 49. Bxg6+ Kg7 50. Rxa1 Rxa1 51. Be4 Ra4 52. h6+ Kg8 53. Bf5 Rf4 54. Bg4 Bc2 55. Kg3 Rb4 56. Be6+ Kh7 57. Bf7 Bg6 58. Be6 Re4 59. Ba2 Ra4 60. Be6 Ra6 61. Bd7 Rd6 62. Bc8 Kg8 63. Kf4 Kf7 64. Ke5 Rc6 65. Bb7 Re6+ 66. Kf4 Re1 67. Bd5+ Ke7 68. Bf3 Kd6 69. Kg3 Rb1 70. Kf4 Rb4+ 71. Kg3 Ke5 72. Bg4 Rb3+ 73. Kh4 Rb1 74. Kg3 Rg1+ 75. Kh3 0-1

[Event "EU-ch Seniors 50 (Women)"]
[Site "Porto"]
[Date "2014.03.10"]
[Round "2"]
[White "Gurieli, Nino"]
[Black "Kasoshvili, Tsiala"]
[Result "1/2-1/2"]
[WhiteElo "2329"]
[BlackElo "2112"]
[PlyCount "51"]
[EventDate "2014.03.09"]
[EventType "tourn"]
[EventRounds "9"]
[EventCountry "POR"]
[SourceTitle "CBM 159 Extra"]
[Source "ChessBase"]
[SourceDate "2014.04.24"]
[SourceVersion "1"]
[SourceVersionDate "2014.04.24"]
[SourceQuality "1"]

1. e4 c6 2. c4 g6 3. Nc3 Bg7 4. d4 d6 5. Nf3 Nf6 6. Be2 0-0 7. 0-0 a6 8. h3 b5 9. e5 Ne8 10. Bf4 Nc7 11. Ne4 Ne6 12. Be3 dxe5 13. dxe5 Qxd1 14. Rfxd1 Nd7 15. cxb5 axb5 16. a4 bxa4 17. Nd4 Nxd4 18. Bxd4 Bxe5 19. Bxe5 Nxe5 20. Nc5 g5 21. Nxa4 Be6 22. Nc5 Bd5 23. b4 e6 24. g3 Rxa1 25. Rxa1 Rb8 26. Rb1 1/2-1/2

[Event "EU-ch Seniors 50 (Women)"]
[Site "Porto"]
[Date "2014.03.09"]
[Round "1"]
[White "Jicman, Ligia Letitia"]
[Black "Gurieli, Nino"]
[Result "1/2-1/2"]
[WhiteElo "2154"]
[BlackElo "2329"]
[PlyCount "123"]
[EventDate "2014.03.09"]
[EventType "tourn"]
[EventRounds "9"]
[EventCountry "POR"]
[SourceTitle "CBM 159 Extra"]
[Source "ChessBase"]
[SourceDate "2014.04.24"]
[SourceVersion "1"]
[SourceVersionDate "2014.04.24"]
[SourceQuality "1"]

1. e4 g6 2. d4 Bg7 3. Nf3 d6 4. Bc4 Nf6 5. Qe2 0-0 6. 0-0 c6 7. a4 d5 8. exd5 cxd5 9. Bd3 Nc6 10. c3 Bg4 11. Nbd2 Qc8 12. Re1 Re8 13. Qf1 Bf5 14. Ne5 Bxd3 15. Qxd3 e6 16. Ndf3 Ne4 17. Bf4 f6 18. Nxc6 bxc6 19. c4 Qa6 20. b4 g5 21. b5 Qa5 22. Bd2 Nxd2 23. Nxd2 dxc4 24. Nxc4 Qc7 25. Qb3 cxb5 26. axb5 Rac8 27. Na5 Qb6 28. h3 f5 29. Nc4 Qxd4 30. Ra4 Qc5 31. Ne3 Rb8 32. Qa2 Rb7 33. Ra6 Rbe7 34. Qc4 Bd4 35. Qxc5 Bxc5 36. Nc4 e5 37. Rc6 Bd4 38. Ne3 Rf7 39. g4 fxg4 40. Nxg4 Kg7 41. Re2 h5 42. Ne3 Ref8 43. Kg2 Rb7 44. Nc2 Rf6 45. Nxd4 exd4 46. Rc5 Kh6 47. Rd5 h4 48. Rd2 Rf4 49. R2xd4 Rxd4 50. Rxd4 Rxb5 51. Rd6+ Kh5 52. Ra6 Rb7 53. Kh2 Rg7 54. Kg2 Rf7 55. Kg1 Rg7 56. Kh2 Rf7 57. Kg1 g4 58. Ra5+ Kg6 59. hxg4 h3 60. Kh2 Rxf2+ 61. Kxh3 Rf7 62. Kh4 1/2-1/2

[Event "Wch Blitz final (Women)"]
[Site "Batumi"]
[Date "2012.06.05"]
[Round "12"]
[White "Gurieli, Nino"]
[Black "Javakhishvili, Lela"]
[Result "1-0"]
[WhiteElo "2329"]
[BlackElo "2448"]
[PlyCount "61"]
[EventDate "2012.04.06"]
[EventType "swiss (blitz)"]
[EventRounds "15"]
[EventCountry "GEO"]
[SourceTitle "EXT 2013"]
[Source "ChessBase"]
[SourceDate "2012.11.22"]
[SourceVersion "1"]
[SourceVersionDate "2012.11.22"]
[SourceQuality "1"]

1. e4 c5 2. Nf3 e6 3. b3 a6 4. Bb2 b5 5. a4 b4 6. d4 cxd4 7. Nxd4 Bb7 8. Nd2 Nf6 9. Bd3 Bc5 10. Qe2 d6 11. 0-0-0 Nbd7 12. f4 Qc7 13. Kb1 0-0 14. Nc4 d5 15. exd5 exd5 16. Ne5 Nxe5 17. fxe5 Ne4 18. Bxe4 dxe4 19. Nf5 Rfe8 20. Qg4 Bf8 21. Rd7 Qc6 22. e6 Rxe6 23. Ne7+ Rxe7 24. Rxe7 Rc8 25. Rf1 Qxc2+ 26. Ka1 Bd5 27. Re5 Rd8 28. Rg5 g6 29. Qf4 Qxb3 30. Rxd5 Rxd5 31. Qxf7# 1-0

[Event "Wch Blitz final (Women)"]
[Site "Batumi"]
[Date "2012.06.05"]
[Round "14"]
[White "Gurieli, Nino"]
[Black "Zhu, Chen"]
[Result "0-1"]
[WhiteElo "2329"]
[BlackElo "2491"]
[PlyCount "80"]
[EventDate "2012.04.06"]
[EventType "swiss (blitz)"]
[EventRounds "15"]
[EventCountry "GEO"]
[SourceTitle "EXT 2013"]
[Source "ChessBase"]
[SourceDate "2012.11.22"]
[SourceVersion "1"]
[SourceVersionDate "2012.11.22"]
[SourceQuality "1"]

1. e4 d6 2. d4 Nf6 3. Nc3 e5 4. dxe5 dxe5 5. Qxd8+ Kxd8 6. Bc4 Ke8 7. Nf3 Bd6 8. Bg5 Nbd7 9. 0-0-0 a6 10. Nd5 Nxd5 11. Bxd5 h6 12. Be3 Ke7 13. Kb1 Nf6 14. h3 Nxd5 15. exd5 f5 16. Rhe1 Kf6 17. b3 b5 18. Kb2 Rb8 19. Bd2 Re8 20. a3 Kf7 21. Bc3 e4 22. Nd4 Bd7 23. b4 Rbd8 24. f3 Bg3 25. Re2 exf3 26. Rxe8 Rxe8 27. Nxf3 g5 28. Rd3 Bd6 29. Nd4 Kg6 30. Nb3 f4 31. Nc5 Bc8 32. Rd2 h5 33. Bd4 g4 34. hxg4 hxg4 35. c4 g3 36. cxb5 axb5 37. Kc3 Kf5 38. Kd3 Kg4 39. Ne4 Rxe4 40. Kxe4 Bf5# 0-1

[Event "Wch Blitz final (Women)"]
[Site "Batumi"]
[Date "2012.06.05"]
[Round "13"]
[White "Khukhashvili, Sopiko"]
[Black "Gurieli, Nino"]
[Result "1-0"]
[WhiteElo "2408"]
[BlackElo "2329"]
[PlyCount "47"]
[EventDate "2012.04.06"]
[EventType "swiss (blitz)"]
[EventRounds "15"]
[EventCountry "GEO"]
[SourceTitle "EXT 2013"]
[Source "ChessBase"]
[SourceDate "2012.11.22"]
[SourceVersion "1"]
[SourceVersionDate "2012.11.22"]
[SourceQuality "1"]

1. e4 g6 2. d4 Bg7 3. Nc3 d6 4. Nge2 Nc6 5. h3 e5 6. Be3 Nge7 7. Qd2 0-0 8. d5 Na5 9. b3 f5 10. f3 c5 11. dxc6 bxc6 12. 0-0-0 Nb7 13. Bh6 Be6 14. h4 f4 15. Bxg7 Kxg7 16. h5 a5 17. Na4 d5 18. Qc3 d4 19. Nxd4 Bd7 20. Ne6+ Bxe6 21. Qxe5+ Rf6 22. Rxd8 Rxd8 23. Ba6 Nd6 24. Nc5 1-0

[Event "Wch Blitz final (Women)"]
[Site "Batumi"]
[Date "2012.06.04"]
[Round "3"]
[White "Gurieli, Nino"]
[Black "Krush, Irina"]
[Result "0-1"]
[WhiteElo "2329"]
[BlackElo "2461"]
[PlyCount "108"]
[EventDate "2012.04.06"]
[EventType "swiss (blitz)"]
[EventRounds "15"]
[EventCountry "GEO"]
[SourceTitle "EXT 2013"]
[Source "ChessBase"]
[SourceDate "2012.11.22"]
[SourceVersion "1"]
[SourceVersionDate "2012.11.22"]
[SourceQuality "1"]

1. e4 g6 2. d4 Bg7 3. Nc3 c6 4. Nf3 d5 5. e5 Bg4 6. Bd3 e6 7. h3 Bxf3 8. Qxf3 Ne7 9. Bg5 Nd7 10. 0-0-0 h6 11. Bxe7 Qxe7 12. Kb1 a6 13. Ne2 c5 14. c3 0-0-0 15. Rc1 Kb8 16. Rhe1 Rc8 17. Nf4 cxd4 18. cxd4 Qb4 19. Ne2 Rhf8 20. a3 Qe7 21. Ka2 g5 22. Rc3 f6 23. exf6 Bxf6 24. Qg3+ Ka7 25. Rb3 Nb6 26. Rb4 Rc6 27. Nc3 Rfc8 28. Rxb6 Rxb6 29. Nxd5 Bxd4 30. Nxb6 Bxb6 31. Qe5 Rc6 32. Be4 Rc5 33. Qh8 e5 34. Rd1 Qf7+ 35. Kb1 Qxf2 36. Qh7 Rc7 37. Qf5 Bd4 38. Qxf2 Bxf2 39. Rd6 h5 40. Rg6 Be3 41. Re6 Bf4 42. Ka2 Rd7 43. g4 h4 44. Kb3 Kb8 45. Rg6 Kc7 46. Kc4 Rd4+ 47. Kc3 Rxe4 48. b4 Re3+ 49. Kc4 Rxh3 50. Rg7+ Kb6 51. a4 Rh1 52. a5+ Ka7 53. Kd5 Rc1 54. Ke6 h3 0-1

[Event "Wch Blitz final (Women)"]
[Site "Batumi"]
[Date "2012.06.04"]
[Round "1"]
[White "Gurieli, Nino"]
[Black "Muzychuk, Mariya"]
[Result "0-1"]
[WhiteElo "2329"]
[BlackElo "2490"]
[PlyCount "76"]
[EventDate "2012.04.06"]
[EventType "swiss (blitz)"]
[EventRounds "15"]
[EventCountry "GEO"]
[SourceTitle "EXT 2013"]
[Source "ChessBase"]
[SourceDate "2012.11.22"]
[SourceVersion "1"]
[SourceVersionDate "2012.11.22"]
[SourceQuality "1"]

1. e4 c5 2. Nf3 e6 3. b3 Nc6 4. Bb2 d5 5. exd5 exd5 6. d4 Nf6 7. h3 cxd4 8. Nxd4 Bb4+ 9. c3 Be7 10. Bb5 Bd7 11. 0-0 0-0 12. Nxc6 bxc6 13. Bd3 Be6 14. Nd2 Qc7 15. Nf3 Rad8 16. Qc2 h6 17. Rac1 Qf4 18. Nd4 Bd6 19. g3 Qg5 20. Nxe6 fxe6 21. Kg2 Nh5 22. Bh7+ Kh8 23. Kh1 Nxg3+ 24. fxg3 Qxg3 25. Qg2 Qxg2+ 26. Kxg2 Kxh7 27. Rfe1 e5 28. c4 d4 29. c5 Bc7 30. Rc4 d3 31. Rce4 Rd5 32. b4 a5 33. a3 axb4 34. axb4 Ra8 35. Rd1 Ra2 36. Rd2 Bd8 37. Bc3 Rc2 38. Rc4 Bg5 0-1

[Event "Wch Blitz final (Women)"]
[Site "Batumi"]
[Date "2012.06.04"]
[Round "2"]
[White "Zhukova, Natalia"]
[Black "Gurieli, Nino"]
[Result "1-0"]
[WhiteElo "2435"]
[BlackElo "2329"]
[PlyCount "107"]
[EventDate "2012.04.06"]
[EventType "swiss (blitz)"]
[EventRounds "15"]
[EventCountry "GEO"]
[SourceTitle "EXT 2013"]
[Source "ChessBase"]
[SourceDate "2012.11.22"]
[SourceVersion "1"]
[SourceVersionDate "2012.11.22"]
[SourceQuality "1"]

1. d4 d6 2. Nf3 Bg4 3. c4 g6 4. Qb3 Qc8 5. g3 Nc6 6. d5 Bxf3 7. exf3 Nd4 8. Qd3 Bg7 9. Bg2 e5 10. dxe6 Qxe6+ 11. Be3 Ne7 12. 0-0 Ndf5 13. Nc3 0-0 14. Bg5 Nc6 15. Nd5 Rac8 16. Rfe1 Qd7 17. Nf6+ Bxf6 18. Bxf6 h6 19. g4 Ng7 20. Qd2 Kh7 21. b4 Ne6 22. b5 Ne7 23. f4 Ng8 24. Bb2 f5 25. g5 Rce8 26. Bxb7 Qf7 27. Bd5 hxg5 28. fxg5 f4 29. Qc3 Nh6 30. Qh3 Nxg5 31. Qxh6+ Kxh6 32. Bxf7 Rxe1+ 33. Rxe1 Rxf7 34. Re8 Nf3+ 35. Kg2 Nd2 36. h4 Nxc4 37. Bc1 g5 38. Rh8+ Kg7 39. Ra8 g4 40. Rxa7 Ne5 41. Bb2 Kg6 42. h5+ Kg5 43. Bxe5 dxe5 44. b6 Kh4 45. b7 f3+ 46. Kf1 Rd7 47. Ke1 g3 48. fxg3+ Kxg3 49. b8Q f2+ 50. Ke2 Rf7 51. Ra3+ Kh2 52. Kf1 e4 53. Qg8 Rf4 54. Qg3+ 1-0

[Event "Wch Rapid (Women)"]
[Site "Batumi"]
[Date "2012.06.03"]
[Round "11"]
[White "Gurieli, Nino"]
[Black "Gaprindashvili, Nona"]
[Result "1-0"]
[WhiteElo "2329"]
[BlackElo "2356"]
[PlyCount "95"]
[EventDate "2012.05.31"]
[EventType "swiss (rapid)"]
[EventRounds "11"]
[EventCountry "GEO"]
[SourceTitle "CBM 148 Extra"]
[Source "ChessBase"]
[SourceDate "2012.06.22"]
[SourceVersion "1"]
[SourceVersionDate "2012.06.22"]
[SourceQuality "1"]

1. e4 b6 2. d4 Bb7 3. Nc3 e6 4. Nf3 d6 5. Bd3 Nd7 6. 0-0 g6 7. Bg5 Ne7 8. d5 e5 9. Qc1 h6 10. Be3 Bg7 11. a4 a6 12. a5 b5 13. Ne1 f5 14. b4 f4 15. Bd2 c5 16. dxc6 Bxc6 17. Qb2 0-0 18. Qb3+ Kh7 19. Rd1 Nf6 20. Nf3 Qc8 21. h3 Ra7 22. Bc1 Bd7 23. Be2 Rc7 24. Bb2 Be6 25. Qa3 Rd8 26. Rd2 Rxc3 27. Bxc3 Nxe4 28. Rd3 Bc4 29. Bb2 Bxd3 30. Bxd3 Nf6 31. Qb3 Nf5 32. Re1 Re8 33. Nd2 Qc6 34. c4 e4 35. cxb5 axb5 36. Bxf6 exd3 37. Rxe8 Qxe8 38. Bxg7 Qe1+ 39. Nf1 Nxg7 40. Qxd3 Qxb4 41. a6 Qa4 42. Qxd6 b4 43. Nd2 Qd1+ 44. Kh2 b3 45. a7 b2 46. Qb4 Qa1 47. Qb7 Qxa7 48. Qxa7 1-0

[Event "Wch Rapid (Women)"]
[Site "Batumi"]
[Date "2012.06.02"]
[Round "7"]
[White "Gurieli, Nino"]
[Black "Umudova, Nargiz"]
[Result "1/2-1/2"]
[WhiteElo "2329"]
[BlackElo "2231"]
[PlyCount "172"]
[EventDate "2012.05.31"]
[EventType "swiss (rapid)"]
[EventRounds "11"]
[EventCountry "GEO"]
[SourceTitle "CBM 148 Extra"]
[Source "ChessBase"]
[SourceDate "2012.06.22"]
[SourceVersion "1"]
[SourceVersionDate "2012.06.22"]
[SourceQuality "1"]

1. e4 c5 2. Nf3 Nc6 3. b3 a6 4. Bb2 e6 5. Be2 d6 6. d4 cxd4 7. Nxd4 Bd7 8. 0-0 Nf6 9. Nd2 Be7 10. f4 Nxd4 11. Bxd4 Bc6 12. Bf3 0-0 13. c4 Nd7 14. Qe2 e5 15. Be3 exf4 16. Bxf4 Ne5 17. Rad1 Qa5 18. Nb1 Rfe8 19. Kh1 Bf8 20. Qf2 Qc7 21. Nc3 b5 22. Nd5 Bxd5 23. cxd5 Rac8 24. Bxe5 Rxe5 25. Bg4 Rce8 26. Rc1 Qb7 27. Bc8 Qe7 28. Bxa6 Rb8 29. Rce1 b4 30. Bd3 g6 31. Rc1 Bg7 32. h3 h5 33. Rc4 Qb7 34. Rc6 Qe7 35. Rb6 Rxb6 36. Qxb6 Rg5 37. Qxb4 Rg3 38. Qd2 Qe5 39. Bb1 Qe7 40. a4 Rxb3 41. a5 Rb2 42. Qe3 Qb7 43. Bd3 Rb3 44. Qe2 Bd4 45. a6 Qd7 46. Rb1 Rxb1+ 47. Bxb1 Qa4 48. Bd3 Qa3 49. Qf1 Kg7 50. g3 Qb2 51. Be2 Qc2 52. Qf3 Qb1+ 53. Bf1 Qa2 54. Qe2 Qa3 55. Kg2 f6 56. Qd3 Qb2+ 57. Be2 Qa1 58. Qd1 Qb2 59. h4 Qc3 60. Qd3 Qa1 61. Bf1 Bc5 62. Qc4 Qd1 63. a7 Qa1 64. Qa6 Qd4 65. Qe2 Bxa7 66. Kf3 Bc5 67. g4 hxg4+ 68. Kxg4 f5+ 69. Kh3 fxe4 70. Bg2 e3 71. Bf3 Qf4 72. Qg2 Qf6 73. h5 g5 74. Qg4 Bd4 75. Be4 Be5 76. Qd7+ Qf7 77. h6+ Kf8 78. Qd8+ Qe8 79. Qxg5 Qf7 80. Qxe3 Qh5+ 81. Kg2 Qg4+ 82. Kf1 Qf4+ 83. Qxf4+ Bxf4 84. h7 Kg7 85. Kg2 Be5 86. Kf3 Bh2 1/2-1/2

[Event "Wch Rapid (Women)"]
[Site "Batumi"]
[Date "2012.05.31"]
[Round "3"]
[White "Ding, Yixin"]
[Black "Gurieli, Nino"]
[Result "0-1"]
[WhiteElo "2353"]
[BlackElo "2329"]
[PlyCount "90"]
[EventDate "2012.05.31"]
[EventType "swiss (rapid)"]
[EventRounds "11"]
[EventCountry "GEO"]
[SourceTitle "CBM 148 Extra"]
[Source "ChessBase"]
[SourceDate "2012.06.22"]
[SourceVersion "1"]
[SourceVersionDate "2012.06.22"]
[SourceQuality "1"]

1. e4 g6 2. d4 Bg7 3. Nc3 d6 4. Nf3 Nf6 5. h3 0-0 6. Be3 c6 7. Bd3 Nbd7 8. 0-0 e5 9. a4 Qa5 10. Rb1 Qb4 11. Bd2 Qb6 12. dxe5 dxe5 13. b4 a5 14. bxa5 Qxa5 15. Nb5 Qd8 16. Nd6 Rxa4 17. c4 Nc5 18. Be3 Nxd3 19. Qxa4 Qxd6 20. Rfd1 Nxe4 21. Qc2 Nec5 22. Ng5 Qe7 23. Qe2 h6 24. Nf3 e4 25. Nd4 f5 26. Nb3 Nxb3 27. Rxb3 f4 28. Bb6 f3 29. Qe3 Nf4 30. g3 Nxh3+ 31. Kf1 Qe6 32. Rc1 Ng5 33. Ke1 Nf7 34. Kd2 h5 35. Bc7 Qd7+ 36. Ke1 Qxc7 37. Qxe4 Ne5 38. Qe3 Bf5 39. Kf1 Ng4 40. Qa7 Qe5 41. Kg1 Re8 42. Rf1 h4 43. Rxf3 h3 44. Rf4 Bd3 45. Rxg4 Bxf1 0-1

[Event "Dubai op 09th"]
[Site "Dubai"]
[Date "2007.04.24"]
[Round "3"]
[White "Gurieli, Nino"]
[Black "Lind, Jan Olov"]
[Result "1-0"]
[WhiteElo "2339"]
[BlackElo "2179"]
[PlyCount "65"]
[EventDate "2007.04.22"]
[EventType "swiss"]
[EventRounds "9"]
[EventCountry "UAE"]
[SourceTitle "CBM 118 Extra"]
[Source "ChessBase"]
[SourceDate "2007.07.04"]
[SourceVersion "1"]
[SourceVersionDate "2007.07.04"]
[SourceQuality "1"]

1. e4 c5 2. Nf3 e6 3. Nc3 d6 4. d4 cxd4 5. Nxd4 a6 6. Be3 b5 7. Qd2 Bb7 8. f3 Nf6 9. a3 Be7 10. g4 Nc6 11. g5 Nd7 12. h4 Nde5 13. Be2 Na5 14. b3 Rc8 15. f4 Nd7 16. Bd3 Qc7 17. Nce2 Nc4 18. bxc4 bxc4 19. 0-0 Nc5 20. Bxc4 Nxe4 21. Qb4 d5 22. Qa4+ Kf8 23. Ba2 g6 24. Rab1 h6 25. Qb3 Nc5 26. Qb6 Qd7 27. Nf3 hxg5 28. hxg5 Na4 29. Qd4 Rg8 30. Bb3 Nc5 31. Ng3 a5 32. c3 Ba8 33. Bc2 1-0

[Event "GEO-ch (Women) 62nd"]
[Site "Tbilisi"]
[Date "2005.05.12"]
[Round "7"]
[White "Khurtsidze, Nino"]
[Black "Gurieli, Nino"]
[Result "1-0"]
[WhiteElo "2418"]
[BlackElo "2348"]
[PlyCount "101"]
[EventDate "2005.05.05"]
[EventType "tourn"]
[EventRounds "13"]
[EventCountry "GEO"]
[EventCategory "4"]
[SourceTitle "CBM 106 Extra"]
[Source "ChessBase"]
[SourceDate "2005.07.01"]
[SourceVersion "1"]
[SourceVersionDate "2005.07.01"]
[SourceQuality "1"]

1. Nf3 Nf6 2. c4 g6 3. b4 Bg7 4. Bb2 0-0 5. e3 d5 6. Be2 a5 7. b5 dxc4 8. Bxc4 a4 9. 0-0 Bf5 10. d4 Nbd7 11. a3 Nb6 12. Ba2 Ne4 13. Nc3 Qd7 14. Qe2 Nxc3 15. Bxc3 Be4 16. Rfc1 e6 17. Bb1 Bxb1 18. Raxb1 Nd5 19. Qd2 f5 20. Ne1 Rfd8 21. Nd3 b6 22. Qa2 Qf7 23. Nb4 Nxb4 24. Bxb4 Rd5 25. Rc6 Rad8 26. Qc2 R5d7 27. Qxa4 e5 28. dxe5 Bxe5 29. g3 Kg7 30. Qc2 Qd5 31. Bc3 Kh6 32. Bxe5 Qxe5 33. Qc4 Rd1+ 34. Rxd1 Rxd1+ 35. Kg2 Rd7 36. a4 Kg7 37. Re6 Qb2 38. Re8 Rf7 39. Qd5 Qf6 40. h4 Qa1 41. Qd8 h6 42. Rh8 Qxa4 43. Qg8+ Kf6 44. Rxh6 Qe4+ 45. Kh2 f4 46. exf4 Qc2 47. Qd8+ Re7 48. Qd4+ Kf5 49. h5 Re4 50. Qd7+ Re6 51. Qd5+ 1-0

[Event "Dubai op 7th"]
[Site "Dubai"]
[Date "2005.04.09"]
[Round "6"]
[White "Gurieli, Nino"]
[Black "Sorokin, Maxim"]
[Result "1/2-1/2"]
[WhiteElo "2348"]
[BlackElo "2599"]
[PlyCount "58"]
[EventDate "2005.04.04"]
[EventType "swiss"]
[EventRounds "9"]
[EventCountry "UAE"]
[SourceTitle "CBM 105 Extra"]
[Source "ChessBase"]
[SourceDate "2005.05.01"]
[SourceVersion "1"]
[SourceVersionDate "2005.05.01"]
[SourceQuality "1"]

1. e4 c5 2. Nf3 Nc6 3. c3 Nf6 4. e5 Nd5 5. d4 cxd4 6. cxd4 d6 7. Bc4 Nb6 8. Bb5 dxe5 9. Nxe5 Bd7 10. Bxc6 Bxc6 11. Nxc6 bxc6 12. 0-0 g6 13. Re1 Bg7 14. Bg5 Nc8 15. Qf3 0-0 16. Qxc6 Rb8 17. Nc3 Rb6 18. Qf3 Rxb2 19. Nd5 Rb7 20. Rac1 Rd7 21. Rxc8 Qxc8 22. Nxe7+ Rxe7 23. Rxe7 Bxd4 24. g3 Qc5 25. Rd7 Bxf2+ 26. Qxf2 Qxg5 27. Rxa7 Qd5 28. Qg2 Qe5 29. Qb7 Rd8 1/2-1/2